Statistics for Jeopardy #8437

Click here to take the quiz!

General Stats

  • This quiz has been taken 43 times
  • The average score is 10 of 61

Answer Stats

CategoryCashClueAnswer% Correct
AMERICANA$600Santa Monica's Pacific Park has a taco stand punningly named "Whac-a-" this 2-syllable Mexican saucemole
78%
CHECKING IN TO THE MOVIES$200This country's Ravla Khempur stands in as "The Best Exotic Marigold Hotel"India
67%
CHECKING IN TO THE MOVIES$800Macaulay Culkin cons his way into a room at the Plaza Hotel in this sequelHome Alone 2
61%
USE YOUR TWO "I"s$400Save me some of this! Another word for cake frostingicing
56%
AMERICANA$400El Yunque on this Caribbean island is the only tropical rain forest in the U.S. national forest systemPuerto Rico
56%
CHECKING IN TO THE MOVIES$400In "Lost in Translation" , Bill Murray meets Scarlett Johansson high above this city in the Park Hyatt HotelTokyo
50%
USE YOUR TWO "I"s$200It can mean a ghost or strong alcohola spirit
44%
STREET ART$600The foundation started by street artist Keith Haring seeks to promote awareness of this illness that Keith died of in 1990AIDS
39%
RESISTING A REST$200Just my luck--the North American yellow-bellied sapsucker is this kind of bird, & its noisy headbanging is keeping me upa woodpecker
39%
WOMEN WHO WRITE$600Journalist Maurine Dallas Watkins covered 1920s murder trials & wrote this play about Roxie & Velma that became a musicalChicago
33%
WOMEN WHO WRITE$200It's the first name shared by bestselling authors Hoffman, Walker & MunroAlice
28%
USE YOUR TWO "I"s$800The Egyptian god Thoth was often depicted with the head of this birdan ibis
28%
AMERICANA$800Unusually, one building of the Tug Valley Chamber of Commerce in West Virginia is made of this flammable mineralcoal
28%
AMERICANA$200This hero of a folk ballad says, "If I can't beat this steam drill down, I'll die with this hammer in my hand!"John Henry
22%
BEAUTIFUL VOCABULARY$800Attractive, like Roy Orbison's "Woman"pretty
22%
RESISTING A REST$400I'm trying to catch some ZZZs, but this feature on my alarm clock keeps telling me to wake up every 10 minutesthe snooze button
22%
USE YOUR TWO "I"s$600A period of intentionally staying awake to keep watch or to prayvigil
22%
RESISTING A REST$800Machines making this "colorful" sound have been helping folks sleep since 1962, but mine isn't blocking out the jackhammerswhite noise
22%
WOMEN WHO WRITE$400Katharine Lee Bates was inspired to write the words to this patriotic anthem after climbing Pikes Peak"America The Beautiful"
17%
HOLIDAYS & OBSERVANCES$1200The Feast of St. Stephen, called Boxing Day in Commonwealth countries, is observed on this dateDecember 26th
17%
BEAUTIFUL VOCABULARY$400As a noun, it's a monetary penalty paid to a court; as an adjective, it describes a pleasing lookfine
17%
WOMEN WHO WRITE$800Her husband Scott told an editor not to praise her novel "Save Me the Waltz" too highly, as it would not be good for her mental stateZelda Fitzgerald
17%
STREET ART$400Shepard Fairey got in a protracted lawsuit with the A.P. over a poster he created from a photo they took of this manBarack Obama
11%
USE YOUR TWO "I"s$1000After my bagpipes solo, I really had reason to say the catchphrase "everyone's a" thiscritic
11%
THE HUMAN BODY$400The spleen & the thymus are part of the lymphatic system & this disease-fighting systemimmune system
11%
ROCK & ROLL HALL OF FAME NICKNAMES$400This Doors frontman was "the Lizard King" as well as "Mr. Mojo Risin"', an anagram of his nameJim Morrison
11%
HOLIDAYS & OBSERVANCES$400Carnival in Rio takes place just before this holy season, a period of fasting before EasterLent
11%
A WORLD TO KISS$1600In this French pilgrimage city, many have kissed the stone in the cave where St. Bernadette had her visionLourdes
11%
ROCK & ROLL HALL OF FAME NICKNAMES$800Smokey Robinson said this "Let's Get It On" singer's Motown nickname was "Dad" because he "used to walk like an old man"Marvin Gaye
11%
A WORLD TO KISS$1200In the 1930s newly single women were known to kiss the Washoe County courthouse pillars in this divorce-friendly Nevada cityReno
11%
STREET ART$800Cities around the globe have pixel-style street art by Invader, whose name is inspired by this 1970s arcade gameSpace Invaders
11%
BEAUTIFUL VOCABULARY$1600Tall & shapely, resembling a marble artworkstatuesque
11%
STREET ART$200The Ecuador-born artist known as Lady Pink became famous for painting on these transports in New York City, 1979-1985subway cars
11%
THE HUMAN BODY$1200This ligament, the ACL for short, prevents the tibia from moving too far forward when the leg is bentanterior cruciate ligament
6%
BEAUTIFUL VOCABULARY$2000This Spanish word for really beautiful can end in -mo or -ma; the Italian word sounds the samebellisima
6%
RESISTING A REST$600I took too many NoDoz, an oral tablet of this alkaloid, & now there's no sleep for mecaffeine
6%
BEAUTIFUL VOCABULARY$1200It's the "D" word often found preceding "tones" regarding a melodious voicedulcet
6%
STREET ART$1000This hip-hop artist got his 3-word name from his association with the Brooklyn street art crew the Fabulous 5Fab 5 Freddy
6%
AMERICANA$1000The USA's oldest continuously operating one, this building has linked Hinsdale, N.H. with the world since it opened in 1816post office
6%
A WORLD TO KISS$800Kissing this at a castle in County Cork will get you the gift of gab, or so they saythe Blarney Stone
6%
CHECKING IN TO THE MOVIES$600This iconic San Diego hotel was a setting for "Some Like It Hot"the Coronado
6%
THE HUMAN BODY$800Sometimes done to treat cysts, an oophorectomy is the removal of this body partthe ovaries
6%
AFRICAN AMERICANS PRE-1860$2000Richard Allen was honored on a 2016 stamp, 200 years after he founded the church commonly known by these three initialsAME (African Methodist Episcopal)
0%
AFRICAN AMERICANS PRE-1860$400In an 1843 speech Henry Garnet told slaves to consider "the shedding of" this for freedom; Frederick Douglass disagreedblood
0%
ROCK & ROLL HALL OF FAME NICKNAMES$2000This Led Zeppelin drummer & wild man was "Bonzo"Bonham
0%
RESISTING A REST$1000I'd love to get some shut-eye but these "equine" muscle spasms in my legs don't help, nor do my cries of agonycharley horse
0%
THE HUMAN BODY$2000The "dur" in epidural refers to this 2-word tough lining of the spinal cord & the braindura mater
0%
CHECKING IN TO THE MOVIES$1000The secluded mansion where android Alicia Vikander is held captive is in this movie is really Norway's Juvet Landscape HotelEx Machina
0%
AFRICAN AMERICANS PRE-1860$1600In 1838, 272 slaves were sold to keep this D.C. Jesuit U. going; now a building is named for one of them, Isaac HawkinsGeorgetown
0%
WOMEN WHO WRITE$1000This activist & poet wrote "The New Colossus" to help raise money for the Statue of Liberty's pedestalLazarus
0%
AFRICAN AMERICANS PRE-1860$800Dave the Potter engraved his work with poetry but not in part of the 1840s when this ability was extra dangerous for the enslavedliteracy
0%
ROCK & ROLL HALL OF FAME NICKNAMES$1600This "Solitary Man" who's rocked many a jumpsuit is also known as "The Jewish Elvis"Neil Diamond
0%
THE HUMAN BODY$1600These wrist bones border a tunnel, through which a nerve runsthe carpals
0%
A WORLD TO KISS$400In Spanish churches, besamanos & besapiés are the customs of kissing these 2 parts of religious statuesthe hands & the feet
0%
ROCK & ROLL HALL OF FAME NICKNAMES$1200The legendary Jerry Lee Lewis has this lethal nickname"The Killer"
0%
AFRICAN AMERICANS PRE-1860$1200The first African American to fight in this corps, John Martin helped capture 5 ships in a Revolutionary War attackthe Marine Corps
0%
COLLEGES & UNIVERSITIESN/AIn 2019 this public university attempted to trademark the word "the" for use on clothing & hats(the) Ohio State University
0%
HOLIDAYS & OBSERVANCES$800A Halloween tradition began in 1950 when trick-or-treaters in Philadelphia sent $17 to this organizationUNICEF
0%
A WORLD TO KISS$2000It's traditional at this venerable state university to streak across the space known as the Lawn & kiss the Homer statueUniversity of Virginia
0%
HOLIDAYS & OBSERVANCES$2000In 1996 the NYC parade for this fall day was down to 15 blocks & a few spectators; in 2009 30,000 participants marched 34 blocksVeterans Day
0%
HOLIDAYS & OBSERVANCES$1600In Canada a royal birthday is celebrated on this day, the Monday preceding May 25Victoria Day
0%

Score Distribution

Percentile by Number Answered

Percent of People with Each Score

Your Score History

You have not taken this quiz